| 000 | 00707nam a2200217Ia 4500 | ||
|---|---|---|---|
| 001 | 13280 | ||
| 003 | GE_BSU | ||
| 008 | 181216s||||||||xx |||||||||||||| ||und|| | ||
| 040 | _cGE_BSU | ||
| 080 | _a634.31/34 | ||
| 100 | _aЛеквейшвили,И.С. | ||
| 245 | _aЦитрусовые и другие субтропические плодовые культуры | ||
| 245 | _cРед.П.Джорбенадзе | ||
| 260 | _aТбилиси | ||
| 260 | _bГосиздат | ||
| 260 | _c1955 | ||
| 300 | _a325стр.илл.20см. | ||
| 300 | _cБиблиогр.с.323 | ||
| 653 | _aЦитрусовые и другие субтропические плодовые культуры | ||
| 942 | _cBK | ||
| 999 |
_c46442 _d46442 |
||